000 00648nam a2200193Ia 4500
005 20250508150513.0
008 008 250505s9999 xx 000 0 eng d
037 _aTextual
040 _aFEDL
_beng
_cFEDL
041 _aeng
_2eng
084 _a371.29214, CHA
_qFEDL
100 _aChamberlin Dean et. al
_9756844
245 0 _aDid they succeed in college : The follow-up study of the graduates of the thirty schools
260 _aNew York, USA
_bHarper and Brothers Publisher
_c1942
300 _axxiv,291p.
490 _aAdventure in American education Vol 4
942 _cTEXL
_h371.29214, CHA
999 _c1323950
_d1323950